<?xml version="1.0" encoding="UTF-8"?>
<collection xmlns="http://www.loc.gov/MARC21/slim">
<record>
  <controlfield tag="001">41536</controlfield>
  <controlfield tag="003">SzGeCERN</controlfield>
  <controlfield tag="005">20241120152524.0</controlfield>
  <datafield tag="024" ind1="8" ind2=" ">
    <subfield code="a">oai:cds.cern.ch:41536</subfield>
    <subfield code="p">cerncds:FULLTEXT</subfield>
  </datafield>
  <datafield tag="035" ind1=" " ind2=" ">
    <subfield code="9">PHOPHO</subfield>
    <subfield code="a">0002811</subfield>
  </datafield>
  <datafield tag="037" ind1=" " ind2=" ">
    <subfield code="a">CERN-IT-7209008</subfield>
  </datafield>
  <datafield tag="245" ind1=" " ind2=" ">
    <subfield code="a">SPS electrostatic septum</subfield>
  </datafield>
  <datafield tag="260" ind1=" " ind2=" ">
    <subfield code="c">1972</subfield>
  </datafield>
  <datafield tag="269" ind1=" " ind2=" ">
    <subfield code="c">Sep 1972</subfield>
  </datafield>
  <datafield tag="500" ind1=" " ind2=" ">
    <subfield code="a">Photo in B&amp;W : 59-9-72</subfield>
  </datafield>
  <datafield tag="520" ind1=" " ind2=" ">
    <subfield code="a">Electrostatic septum - ultrahigh vacuum tank ("Champagne model") used for testing short length models of septa.</subfield>
  </datafield>
  <datafield tag="541" ind1=" " ind2=" ">
    <subfield code="e">X-8-9-72</subfield>
  </datafield>
  <datafield tag="542" ind1=" " ind2=" ">
    <subfield code="d">CERN</subfield>
    <subfield code="g">1972</subfield>
  </datafield>
  <datafield tag="650" ind1="1" ind2="7">
    <subfield code="2">SzGeCERN</subfield>
    <subfield code="a">Industry and Technology</subfield>
  </datafield>
  <datafield tag="653" ind1="1" ind2=" ">
    <subfield code="9">CERN</subfield>
    <subfield code="a">SPS</subfield>
  </datafield>
  <datafield tag="916" ind1=" " ind2=" ">
    <subfield code="s">n</subfield>
    <subfield code="w">200028</subfield>
  </datafield>
  <datafield tag="960" ind1=" " ind2=" ">
    <subfield code="a">81</subfield>
  </datafield>
  <datafield tag="961" ind1=" " ind2=" ">
    <subfield code="c">20031203</subfield>
    <subfield code="h">0857</subfield>
    <subfield code="l">MMD01</subfield>
    <subfield code="x">20000714</subfield>
  </datafield>
  <datafield tag="963" ind1=" " ind2=" ">
    <subfield code="a">PUBLIC</subfield>
  </datafield>
  <datafield tag="980" ind1=" " ind2=" ">
    <subfield code="a">PHOTOLAB</subfield>
  </datafield>
  <datafield tag="856" ind1="4" ind2=" ">
    <subfield code="q">http://preprints.cern.ch/photo/photo-it/7209008.gif</subfield>
    <subfield code="x">icon</subfield>
  </datafield>
  <datafield tag="856" ind1="4" ind2=" ">
    <subfield code="q">http://preprints.cern.ch/cgi-bin/setlink?base=PHO&amp;categ=photo-it&amp;id=7209008</subfield>
    <subfield code="x">1</subfield>
    <subfield code="y">Access to the pictures</subfield>
  </datafield>
  <datafield tag="856" ind1="4" ind2=" ">
    <subfield code="8">2566273</subfield>
    <subfield code="s">694837</subfield>
    <subfield code="u">http://cds.cern.ch/record/41536/files/7209008.jpg</subfield>
    <subfield code="z">CDSINTERNAL|MediaArchive|Migrated from: \\cern.ch\dfs\Services\MediaArchive\Photo\Masters\1972\7209008\7209008.jpg</subfield>
  </datafield>
  <datafield tag="856" ind1="4" ind2=" ">
    <subfield code="8">2566273</subfield>
    <subfield code="s">271884</subfield>
    <subfield code="u">http://cds.cern.ch/record/41536/files/7209008.jpg?subformat=icon-1440</subfield>
    <subfield code="x">icon-1440</subfield>
    <subfield code="z">CDSINTERNAL|MediaArchive|Migrated from: http://mediaarchive.cern.ch/MediaArchive/Photo/Public/1972/7209008/7209008/7209008-A4-at-144-dpi.jpg</subfield>
  </datafield>
  <datafield tag="856" ind1="4" ind2=" ">
    <subfield code="8">2566273</subfield>
    <subfield code="s">48764</subfield>
    <subfield code="u">http://cds.cern.ch/record/41536/files/7209008.jpg?subformat=icon-720</subfield>
    <subfield code="x">icon-720</subfield>
    <subfield code="z">CDSINTERNAL|MediaArchive|Migrated from: http://mediaarchive.cern.ch/MediaArchive/Photo/Public/1972/7209008/7209008/7209008-A5-at-72-dpi.jpg</subfield>
  </datafield>
  <datafield tag="856" ind1="4" ind2=" ">
    <subfield code="8">2566273</subfield>
    <subfield code="s">8233</subfield>
    <subfield code="u">http://cds.cern.ch/record/41536/files/7209008.jpg?subformat=icon-180</subfield>
    <subfield code="x">icon-180</subfield>
    <subfield code="z">CDSINTERNAL|MediaArchive|Migrated from: http://mediaarchive.cern.ch/MediaArchive/Photo/Public/1972/7209008/7209008/7209008-Icon.jpg</subfield>
  </datafield>
  <datafield tag="970" ind1=" " ind2=" ">
    <subfield code="a">000002811MMD</subfield>
  </datafield>
</record>
</collection>